=LDR 00000nam 2200000 4500 =001 INLIS000000000032282 =005 20170207105700.0 =006 =007 =008 ind =035 ##$$0010-061300000032282 =041 ##$$a ind =082 ##$$a 430 =090 ##$$a 430, Hid b =100 ##$$a Hidayat, Amir F =245 ##$$a Bahasa Jerman Bagi Tingkat Lanjutan, Amir F Hidayat, M.Pd =260 ##$$a 2007 $b Bandung =300 ##$$a 244 hlm., Ilus., 24 cm =650 ##$$a Bahasa Jerman =850 ##$$a NBPNMAT =990 ##$$a 0001/BPAP-NTB/2016